Biztosítási szerződés átszállása tulajdonátruházás esetén

Elmentve itt :
Bibliográfiai részletek
Szerző: Fonyó György
Dokumentumtípus: Cikk
Megjelent: 1933
Sorozat:Polgári jog : a hazai és külföldi magánjog és hiteljog szemléje 9
Kulcsszavak:Hiteljog magyar, Biztosítási jog tulajdonátruházás
Online Access:http://misc.bibl.u-szeged.hu/15365
LEADER 00677nab a2200169 i 4500
001 misc15365
005 20191106142353.0
008 170607s1933 hu o 0|| hun d
040 |a SZTE Miscellanea Repozitórium  |b hun 
041 |a hun 
100 1 |a Fonyó György 
245 1 0 |a Biztosítási szerződés átszállása tulajdonátruházás esetén  |h [elektronikus dokumentum] /  |c  Fonyó György 
260 |c 1933 
300 |a 128-131a 
490 0 |a Polgári jog : a hazai és külföldi magánjog és hiteljog szemléje  |v 9 
695 |a Hiteljog magyar, Biztosítási jog tulajdonátruházás 
856 4 0 |u http://misc.bibl.u-szeged.hu/15365/1/polgari_jog_1933_128-131a.pdf  |z Dokumentum-elérés